La vida y hechos de Estebanillo González: hombre de buen humor compuesto por él mismo

Saved in:
Bibliografiske detaljer
Hovedforfatter: González, Estebanillo (Author)
Format: Bog
Sprog:spansk
Udgivet: Madrid Castalia 1978
Serier:Clásicos Castalia
Fag:
Tags: Tilføj Tag
Ingen Tags, Vær først til at tagge denne postø!

MARC

LEADER 00000nam a2200000 a 4500
001 UCQ1966
003 CL-VaPUC
008 980721e19780000SP |||||||||||||||||spa|d
082 0 4 |a 863  |b GON  |2 21 
100 |a González, Estebanillo  |e author  |9 415888 
245 1 3 |a La vida y hechos de Estebanillo González: hombre de buen humor compuesto por él mismo 
300 |a v 
942 |c BK 
945 |d 19980721 00:00:00  |a lriquelm 
260 |a Madrid  |b Castalia  |c 1978 
650 0 |a Novelas españolas  |9 265052 
650 7 |a NOVELA PICARESCA ESPAÑOLA  |2 CL-VaPUC  |9 315849 
650 0 |a Literatura española  |9 306261 
583 |a last modification  |c 19980721 00:00:00  |k Rodrigo Vera 
490 0 |a Clásicos Castalia 
999 |c 272809  |d 272807 
952 |0 0  |1 0  |4 0  |6 863_000000000000000_GON_1978  |7 0  |8 A  |9 307977  |a BIBEDU  |b BIBEDU  |d 2019-11-20  |h v.1  |i 1438824  |l 1  |o 863 GON 1978  |p 1438824  |r 2024-04-25  |s 2024-04-24  |w 2019-11-20  |y BK  |k LIT